A regional breakdown (Record no. 74454)
[ view plain ]
| 000 -LEADER | |
|---|---|
| fixed length control field | 01202cab a2200241 4500 |
| 001 - CONTROL NUMBER | |
| control field | ABS68037 |
| 008 - FIXED-LENGTH DATA ELEMENTS--GENERAL INFORMATION | |
| fixed length control field | 040712n2004 000 0 eng u |
| 035 ## - SYSTEM CONTROL NUMBER | |
| System control number | (Sirsi) u126752 |
| 100 ## - MAIN ENTRY--PERSONAL NAME | |
| Personal name | Birch, J. |
| 245 #2 - TITLE STATEMENT | |
| Title | A regional breakdown |
| 260 ## - PUBLICATION, DISTRIBUTION, ETC. | |
| Date of publication, distribution, etc. | 2004 |
| 490 ## - SERIES STATEMENT | |
| Series statement | Roof |
| Volume/sequential designation | 29(4)July/August 200418-21(4) |
| 520 ## - SUMMARY, ETC. | |
| Summary, etc. | Uses "Roof affordability index" data to reveal how hard it is for first-time buyers to get into the housing market across the UK regions and gives indications that the housing market is at a turning point. The index is based on ODPM house price data for first-time buyers and "Family expenditure survey" data for the incomes of working households. Summarises affordability in each region. Provides further commentary on northern and southwest England. Tables cover the "Roof affordability index" from 1994-2004 by county/region and mortgage costs as a proportion of incomes. |
| 590 ## - LOCAL NOTE (RLIN) | |
| Local note | ABS |
| 650 ## - SUBJECT ADDED ENTRY--TOPICAL TERM | |
| Topical term or geographic name entry element | HOUSEHOLD INCOME |
| 650 ## - SUBJECT ADDED ENTRY--TOPICAL TERM | |
| Topical term or geographic name entry element | MORTGAGES |
| 650 ## - SUBJECT ADDED ENTRY--TOPICAL TERM | |
| Topical term or geographic name entry element | ROOF AFFORDABILITY INDEX |
| 650 ## - SUBJECT ADDED ENTRY--TOPICAL TERM | |
| Topical term or geographic name entry element | FIRST-TIME BUYERS |
| 650 ## - SUBJECT ADDED ENTRY--TOPICAL TERM | |
| Topical term or geographic name entry element | SOUTHWEST ENGLAND |
| 650 ## - SUBJECT ADDED ENTRY--TOPICAL TERM | |
| Topical term or geographic name entry element | NORTHWEST ENGLAND |
| 690 ## - LOCAL SUBJECT ADDED ENTRY--TOPICAL TERM (OCLC, RLIN) | |
| Topical term or geographic name as entry element | PROPERTY-RESIDENTIAL PROPERTY-RESIDENTIAL PROPERTY MARKET |
| 942 ## - ADDED ENTRY ELEMENTS (KOHA) | |
| Suppress in OPAC | 0 |
| Withdrawn status | Lost status | Source of classification or shelving scheme | Damaged status | Not for loan | Home library | Current library | Shelving location | Date acquired | Total Checkouts | Full call number | Barcode | Date last seen | Copy number | Price effective from | Koha item type |
|---|---|---|---|---|---|---|---|---|---|---|---|---|---|---|---|
| Dewey Decimal Classification | London | London | Journal article | 12/07/2004 | ABS68037 | 126752-1001 | 06/08/2019 | 1 | 06/08/2019 | Journal article |